Statistiques concernant Personnages aléatoires des Classiques d'Animation Disney par images

Cliquez ici pour prendre le quiz!

Statistiques générales

  • Ce quiz a été pris 3 043 fois
  • Le résultat moyen est 9 sur 16

Statistiques - réponses

Réponse% Correct
Fée Clochette
98%
Peter Pan
98%
Elsa
97%
Aladdin
96%
Bambi
96%
Cendrillon
96%
Tarzan
96%
Vaiana
96%
Dumbo
95%
Génie
95%
Hercule
95%
Jasmine
95%
Ariel
94%
Blanche-Neige
94%
Capitaine Crochet
94%
Princesse Aurore
94%
Raiponce
94%
Simba
94%
Tigrou
94%
Jafar
93%
Mulan
93%
Pinocchio
93%
Winnie l'Ourson
93%
Alice
92%
Anna
92%
Cruella d'Enfer
92%
Lilo Pelekai
92%
Stitch
92%
Belle
91%
Maléfique
90%
Mickey Mouse
90%
Nala
90%
Pocahontas
90%
Pumbaa
90%
Ralph la Casse
90%
Mowgli
89%
Olaf
89%
Scar
89%
Grincheux
87%
La Bête
86%
Rox
86%
Atchoum
85%
Gaston
85%
Mufasa
85%
Simplet
85%
Volt
85%
Zeus
85%
Baloo
84%
Panpan
84%
Tiana
84%
Wendy Darling
84%
Dormeur
83%
Merlin
83%
Porcinet
83%
Timon
83%
Clochard
82%
Polochon
82%
Robin des Bois
82%
Ursula
82%
Arthur Pendragon
81%
Hadès
80%
Jane Porter
80%
Sven
80%
Bianca
78%
Geppetto
77%
Timide
77%
Esmeralda
76%
Bruno Madrigal
75%
Kuzco
75%
Mushu
74%
Raya
74%
Lumière
73%
Prof
73%
Sébastien
73%
Abu
72%
Bagheera
72%
Marie
72%
Flynn Rider
71%
Pégase
71%
Quasimodo
71%
Bourriquet
70%
Javotte Tremaine
70%
Prince Hans
70%
Prince Eric
69%
Bernard
68%
Joyeux
68%
Pascal
68%
Gus
67%
Rafiki
67%
Reine de Cœur
66%
Jiminy Cricket
63%
Kristoff
63%
Mère Gothel
63%
John Smith
62%
Anastasie Tremaine
61%
Roi Triton
61%
Vanellope von Schweetz
61%
Duchesse
59%
M. Mouche
58%
Rouky
58%
Chapelier fou
57%
Lady
57%
Fleur
54%
Marraine la Fée
54%
Maui
54%
Mégara
54%
Lucifer
53%
Kaa
52%
Zazu
52%
Berlioz
51%
Iago
51%
Toulouse
51%
Basil
50%
Mirabel Madrigal
50%
Petit Jean
49%
Big Ben
48%
Judy Hopps
47%
Baymax
46%
Belle Marianne
46%
Lapin Blanc
46%
Juge Claude Frollo
45%
Kronk
45%
Thomas O'Malley
43%
Charlotte La Bouff
42%
Heihei
42%
Jaq
42%
Pongo
42%
Shere Khan
42%
Edgar Balthazar
41%
Madame de Trémaine
41%
Prince Naveen
41%
Rajah
40%
Grand-mère Feuillage
39%
La Reine
39%
Oliver
39%
La Fée Bleue
38%
Madame Samovar
38%
Tamatoa
38%
Taram
38%
Chicken Little
37%
Felix Fixe Junior
37%
Nick Wilde
37%
Dr. Facilier
36%
Koda
35%
Madame Mim
35%
Figaro
34%
Alma Madrigal
33%
Hiro Hamada
33%
Yzma
33%
Miroir Magique
32%
Perdita
32%
Jean-Christophe
31%
Louis
31%
Chat du Cheshire
30%
Eurêka
30%
Pacha
30%
Capitaine Phoebus
29%
Chenille
29%
Ray
29%
Luisa Madrigal
28%
Prince Jean
26%
Roger Radcliffe
26%
Shan Yu
26%
Milo Thatch
25%
Archimède
24%
Monstro
24%
Philoctète
24%
Madame Médusa
23%
Frère Tuck
22%
Shérif de Nottingham
22%
Lièvre de Mars
21%
Mama Odie
20%
Meeko
20%
Gouverneur Ratcliffe
18%
Tweedle Dee et Tweedle Dum
18%
Kidagakash Nedakh
17%
Roi Louie
17%
Stromboli
16%
Cobra Bubbles
15%
Professeur Ratigan
15%
Flotsam et Jetsam
14%
Kenai
14%
Sisu
13%
Timothée
13%
Jim Hawkins
12%
Triste Sire
12%
Aladar
10%
John Silver
10%
Namaari
6%
Jaeger Clade
5%
Roublard
3%
Crapule
2%
Searcher Clade
2%

Distribution des résultats

Percentile par nombre de réponses

% des personnes avec chaque résultat

Votre développement - résultats

Vous n’avez pas pris ce quiz